[Event "14th Sants Open A"]
[Site "Barcelona ESP"]
[Date "2012.08.24"]
[Round "8.10"]
[White "Stokke,K"]
[Black "Munoz Pantoja,M"]
[Result "1/2-1/2"]
[WhiteElo "2390"]
[BlackElo "2496"]

1.e4 c5 2.Nf3 Nc6 3.Bb5 g6 4.Bxc6 dxc6 5.d3 Bg7 6.h3 e5 7.Be3 b6 8.Nbd2 h6
9.a4 a5 10.Nc4 Qc7 11.b4 cxb4 12.Bxb6 Qe7 13.Qe2 Nf6 14.Qe3 Nd7 15.Bc7  1/2-1/2

[Event "12th World Uni Men"]
[Site "Guimaraes POR"]
[Date "2012.08.24"]
[Round "8.17"]
[White "Silva,Luc"]
[Black "Rodrigues,PF1"]
[Result "1-0"]
[WhiteElo "1938"]
[BlackElo "1960"]

1.e4 c5 2.Nf3 Nc6 3.Bb5 g6 4.O-O Bg7 5.c3 Nf6 6.Re1 O-O 7.d4 d5 8.e5 Ne4
9.Bxc6 bxc6 10.Nbd2 Nxd2 11.Nxd2 Qb6 12.Nb3 c4 13.Nc5 Re8 14.e6 fxe6 15.Nxe6 Bxe6
16.Rxe6 Bf6 17.h4 Bxh4 18.Qg4 Bf6 19.Bg5 Qxb2 20.Rae1 Bxg5 21.Qxg5 Qc2 22.Rxc6 Rad8
23.Qe3 Qf5 24.Rc7 Rd7 25.Rc6 Rf8 26.Re6 Rb7 27.Re5 Qf7 28.Re2 Re8 29.Qg5 e6
30.Qg4 Rb6 31.Kh2 Re7 32.Qg5 Kf8 33.R2e3 Ke8 34.Rf3 Qg7 35.Rf6 Kd7 36.Qf4 Rb8
37.Rexe6 Rxe6 38.Rf7+ Qxf7 39.Qxf7+ Re7 40.Qxd5+ Kc8 41.Qxc4+ Rc7 42.Qe6+ Kb7
43.Qd5+ Ka6 44.Qd6+ Kb7 45.Qd5+ Ka6 46.c4 Rb6 47.c5 Rb2 48.Qc4+ Kb7 49.d5 Kc8
50.c6 Rb6 51.Qc5 Kb8 52.Qd6 Rb2 53.Qd8+ Rc8 54.Qe7 Rc7 55.Qe8+ Rc8 56.Qe5+  1-0

[Event "2nd Isthmia Open A"]
[Site "Korinthia GRE"]
[Date "2012.08.24"]
[Round "8.3"]
[White "Fedorchuk,S"]
[Black "Miljkovic,Mir1"]
[Result "1-0"]
[WhiteElo "2639"]
[BlackElo "2449"]

1.e4 c5 2.Nf3 Nc6 3.Bb5 d6 4.O-O Bd7 5.Re1 Nf6 6.c3 a6 7.Bf1 Bg4 8.h3 Bxf3
9.Qxf3 g6 10.Qd1 Bg7 11.d4 cxd4 12.cxd4 e5 13.d5 Nd4 14.Be3 O-O 15.Nd2 Rc8
16.Rc1 Rxc1 17.Qxc1 Qb8 18.Qb1 Rc8 19.Rc1 Rxc1 20.Qxc1 Nd7 21.b4 Bf6 22.a4 a5
23.bxa5 Nc5 24.Nc4 Nxa4 25.Bxd4 exd4 26.Qf4 Be5 27.Qh4 Nc5 28.f4 Bg7 29.e5 dxe5
30.Qe7 Bf8 31.Qxe5 Nd7 32.Qxb8 Nxb8 33.d6 f6 34.g3 Kf7 35.Bg2 Ke6 36.Bxb7 Bxd6
37.f5+ gxf5 38.Bc8+ Kd5 39.Nxd6 Kxd6 40.a6 Nc6 41.Bxf5 h6 42.Kf2 Ke5 43.Bd7 Na7
44.Kf3 Kd6 45.Bf5 Ke5 46.Bd3 f5 47.Bc4 h5 48.h4 Nc8 49.Bf7 d3 50.Ke3 d2 51.Bxh5  1-0

[Event "EY Girls U18 2012"]
[Site "Prague CZE"]
[Date "2012.08.24"]
[Round "8.21"]
[White "Haitovich,A"]
[Black "Machlik,Edit"]
[Result "0-1"]
[WhiteElo "1874"]
[BlackElo "1740"]

1.e4 c5 2.Nf3 Nc6 3.Bb5 Nd4 4.Bc4 e6 5.Nc3 a6 6.a4 d6 7.Nxd4 cxd4 8.Ne2 Qb6
9.O-O g6 10.d3 Bg7 11.f4 Ne7 12.f5 gxf5 13.Nf4 Bd7 14.Qh5 O-O 15.Rf3 Qb4
16.Kf1 fxe4 17.Rg3 Nf5 18.Rg5 e3 19.Qg4 Kh8 20.Qh3 Rg8 21.Rh5 Nh6 22.Qh4 d5
23.Bb3 Qd6 24.c4 dxc4 25.Bxc4 Rae8 26.b3 Qe7 27.Qe1 Qf6 28.Qh4 Qxh4 29.Rxh4 Nf5
30.Rh5 Nd6 31.Nh3 Bf6 32.Bb2 Bc6 33.Nf4 Rg4 34.g3 Bf3 35.Rh6 Bg7 36.Rh3 Rg5
37.a5 Bg4 38.Rh4 Nf5 39.h3 Nxh4 40.gxh4 Rf5 41.hxg4 Rxf4+  0-1

[Event "EY Boys U14 2012"]
[Site "Prague CZE"]
[Date "2012.08.24"]
[Round "8.20"]
[White "Shtembuliak,E"]
[Black "Tomczak,Mikolaj"]
[Result "1-0"]
[WhiteElo "2153"]
[BlackElo "1901"]

1.e4 c5 2.Nf3 Nc6 3.Bb5 d6 4.Bxc6+ bxc6 5.O-O e5 6.c3 g5 7.d4 g4 8.Nfd2 cxd4
9.cxd4 exd4 10.Nc4 c5 11.Re1 Be6 12.Nba3 Be7 13.e5 d5 14.Nd6+ Bxd6 15.exd6 Qxd6
16.b4 Ne7 17.bxc5 Qxc5 18.Bb2 O-O 19.Nc2 Rac8 20.Nxd4 Ng6 21.Qd2 Rfe8 22.Ne2 Bf5
23.Ng3 Be4 24.Nh5 Re6 25.Rac1 Qf8 26.Nf6+ Rxf6 27.Rxc8 Qxc8 28.Qd4 Qf5 29.Qxf6 Qxf6
30.Bxf6 h6 31.Re3 Nf4 32.f3 gxf3 33.gxf3 Bb1 34.a3 Ne6 35.Re5 Ba2 36.h4 a6
37.Kf2 Bc4 38.Kg3 Kh7 39.h5 Kg8 40.f4 Kf8 41.Re1 Nc7 42.Kg4 Nb5 43.a4 Nc7
44.Kf5 Ne6 45.Rg1 Be2 46.Ke5 Bxh5 47.Kd6 Bg6 48.Rxg6 fxg6 49.Kxe6 g5 50.f5 g4
51.Be7+ Kg8 52.f6 g3 53.f7+ Kh7 54.f8=Q g2 55.Qf7+ Kh8 56.Bf6+  1-0

[Event "11th Lichtenberger Sommer 2012"]
[Site "Berlin GER"]
[Date "2012.08.25"]
[Round "8.61"]
[White "Luebke,T"]
[Black "Barisch,Florian"]
[Result "0-1"]
[WhiteElo "1990"]
[BlackElo "1979"]

1.e4 c5 2.Nf3 Nc6 3.Bb5 g6 4.O-O Bg7 5.Re1 d6 6.c3 Qb6 7.a4 Bd7 8.d3 Nh6
9.h3 O-O-O 10.Be3 Qc7 11.Qd2 Ng8 12.Ng5 Rf8 13.Bc4 Ne5 14.Bb3 h6 15.f4 hxg5
16.fxe5 g4 17.hxg4 Bxe5 18.g5 Be6 19.Bd5 Bh2+ 20.Kf1 Qd7 21.Bf4 Bxf4 22.Qxf4 f6
23.Ke2 Rf7 24.Nd2 fxg5 25.Qxg5 Bg4+ 26.Nf3 Bxf3+ 27.gxf3 Rh2+ 28.Ke3 e6 29.Qxg6 Nf6
30.Bc4 d5 31.d4 dxc4 32.Rad1 Qe8 33.Qg3 Nd5+  0-1

[Event "12th World Uni Women"]
[Site "Guimaraes POR"]
[Date "2012.08.25"]
[Round "9.3"]
[White "Zhang Xiaowen"]
[Black "Przezdziecka,M"]
[Result "1/2-1/2"]
[WhiteElo "2376"]
[BlackElo "2276"]

1.e4 c5 2.Nf3 Nc6 3.Bb5 d6 4.O-O Bd7 5.Re1 Nf6 6.c3 a6 7.Bxc6 Bxc6 8.d4 cxd4
9.cxd4 Bxe4 10.Nc3 Bxf3 11.Qxf3 e6 12.Qxb7 Qc8 13.Qf3 Be7 14.Bg5 O-O 15.d5 e5
16.Ne4 Qd8 17.Bxf6 Bxf6 18.Rec1 Be7 19.Rc6 f5 20.Nd2 a5 21.Nc4 Rb8 22.Qc3 Rb5
23.Rd1 Qb8 24.h3 e4 25.b3 Qd8 26.Ra6 Qc8 27.Ra7 Bf6 28.Qd2 Rd8 29.Rc1 Qb8
30.Rxa5 h6 31.Rxb5 Qxb5 32.Qa5 Qb7 33.Ne3 Ra8 34.Qd2 Bg5 35.Rc6 f4 36.Nf5 f3
37.Qc2 Qb4 38.Qc3 Qxc3 39.Rxc3 Rxa2 40.gxf3 exf3 41.Rxf3 Rd2 42.Nxd6 Rxd5
43.Ne4 Be7 44.Kg2 g6 45.Nf6+ Bxf6 46.Rxf6 Kg7 47.Rb6 Rd3 48.b4 Rb3 49.b5 g5
50.Rb8 h5 51.b6 g4 52.hxg4 hxg4 53.b7 Kh7 54.Kf1 Rb2 55.Ke1 Kg7 56.Kd1 Kh7
57.Kc1 Rb5 58.Kc2 Rb4 59.Kc3 Rb1 60.Kc4 Kg7 61.Kd5 Rb2 62.Ke5 Rb4 63.Kf5 Kh7
64.Kf6 Rb6+ 65.Ke5 Rb2 66.Ke4  1/2-1/2

[Event "32nd Bratto Masters"]
[Site "Bratto ITA"]
[Date "2012.08.26"]
[Round "9.6"]
[White "Mamedov,Nid"]
[Black "Roy Chowdhury,S"]
[Result "1-0"]
[WhiteElo "2614"]
[BlackElo "2391"]

1.e4 c5 2.Nf3 Nc6 3.Bb5 e6 4.Bxc6 bxc6 5.d3 Ne7 6.Qe2 f6 7.Nh4 g6 8.f4 Bg7
9.O-O d6 10.Nc3 O-O 11.Be3 Rb8 12.Rab1 e5 13.f5 Bd7 14.g4 Be8 15.b3 Bf7 16.Rf2 Nc8
17.Rbf1 Nb6 18.Rg2 g5 19.Nf3 Nd7 20.Na4 Qe7 21.h4 h6 22.Rh2 Rfd8 23.Qg2 Nf8
24.hxg5 fxg5 25.Kf2 Nh7 26.Rfh1 Qf6 27.Kg3 Rb4 28.c4 Rbb8 29.Rh3 Be8 30.R1h2 Rb7
31.Qh1 Rf7 32.Rxh6  1-0

[Event "37th Trade Fair Open A"]
[Site "Brno CZE"]
[Date "2012.08.26"]
[Round "2"]
[White "Spodny,J"]
[Black "Eichler,Bretislav"]
[Result "1-0"]
[WhiteElo "2040"]
[BlackElo "1670"]

1.e4 c5 2.Nf3 Nc6 3.Bb5 g6 4.O-O Bg7 5.Re1 a6 6.Bf1 Nf6 7.Nc3 O-O 8.d3 d6
9.h3 b5 10.Bg5 Re8 11.Qd2 Nd4 12.Nxd4 cxd4 13.Ne2 e5 14.c3 dxc3 15.Nxc3 Be6
16.g3 Qc8 17.Rec1 Qd7 18.Kh2 b4 19.Nd1 a5 20.Ne3 Rac8 21.Bg2 h6 22.Bxf6 Bxf6
23.Nc4 Bxc4 24.Rxc4 Bg5 25.Qc2 Rxc4 26.dxc4 Qa7 27.Rd1 Re6 28.h4 Be7 29.Kg1 h5
30.Bh3 Rf6 31.Kg2 Bf8 32.Rd5 Bh6 33.b3 g5 34.Bf5 gxh4 35.gxh4 Bf8 36.Qe2 Rh6
37.Qe3 Qe7 38.Qg5+ Qxg5+ 39.hxg5 Rh8 40.Rxa5 Kg7 41.Ra7 h4 42.Kh3 Rh5 43.g6 Kh6
44.Rxf7 Bg7 45.Rd7 Bf8 46.g7 Bxg7 47.Rxd6+ Kg5 48.Rg6+ Kf4 49.Rxg7 Kf3 50.Bg4+  1-0

[Event "8th Dieppe Open A 2012"]
[Site "Dieppe FRA"]
[Date "2012.08.29"]
[Round "5.7"]
[White "Taddei,B"]
[Black "Dourerassou,J"]
[Result "1/2-1/2"]
[WhiteElo "2331"]
[BlackElo "2460"]

1.e4 c5 2.Nf3 Nc6 3.Bb5 d6 4.Bxc6+ bxc6 5.O-O Bg4 6.h3 Bxf3 7.Qxf3 e5 8.d3 Be7
9.Qg3 Bf6 10.Na3 Ne7 11.Nc4 O-O 12.c3 Ng6 13.f4 exf4 14.Bxf4 d5 15.Nd6 Qb6
16.Rab1 c4+ 17.d4 c5 18.e5 Bh4 19.Qe3 cxd4 20.cxd4 Be7 21.Nf5 Qe6 22.Bg5 f6
23.Nxg7 Qb6 24.exf6 Bxf6 25.Bxf6 Rxf6 26.Rxf6 Qxf6 27.Nh5 Qf5 28.Rf1 Qxh5
29.Qe6+ Kh8 30.Qf6+ Kg8 31.Qe6+  1/2-1/2

[Event "World Youth U16 Olympiad 2012"]
[Site "Istanbul TUR"]
[Date "2012.08.29"]
[Round "1.16"]
[White "Mutlu,Beste"]
[Black "Cuellar,Di"]
[Result "0-1"]
[WhiteElo "1646"]
[BlackElo "2273"]

1.e4 c5 2.Nf3 Nc6 3.Bb5 g6 4.c3 Nf6 5.Qa4 Bg7 6.d4 cxd4 7.cxd4 O-O 8.Nc3 d6
9.h3 Bd7 10.d5 Nb8 11.O-O Na6 12.Be3 Bxb5 13.Qxb5 Nd7 14.Rac1 Ndc5 15.b4 Nc7
16.Qc4 Nd7 17.Na4 Rc8 18.Qb3 b5 19.Nc3 a6 20.Ne2 Na8 21.Ned4 Ndb6 22.Nc6 Qd7
23.Nfd4 Rc7 24.Rc2 Rfc8 25.Rfc1 Qe8 26.f4 Nd7 27.Qa3 Bxd4 28.Bxd4 Nb8 29.Qc3 Nxc6
30.dxc6 Rb8 31.e5 Nb6 32.exd6 exd6 33.Re1 Qf8 34.Rce2 Nd5 35.Qd2 Ne7 36.Bb2 Nf5
37.g4 Ng7 38.Qc3 f6 39.Qxf6 Qxf6 40.Bxf6 Rf8 41.Bxg7 Kxg7 42.Re7+ Rf7 43.Rxf7+ Kxf7
44.Rc1 Ke6 45.Kf2 Kd5 46.Ke3 Re7+ 47.Kd3 Rc7 48.a3 Rxc6 49.Rxc6 Kxc6 50.Kd4 Kc7
51.Kd5 Kd7 52.h4 h5 53.gxh5 gxh5 54.f5 Ke7 55.f6+ Kxf6 56.Kxd6 Kf5 57.Kc6 Kg4
58.Kb6 Kxh4 59.Kxa6 Kg5 60.Kxb5 h4 61.a4 h3 62.a5 h2 63.a6 h1=Q 64.Ka5 Qc6
65.b5 Qc5 66.Ka4 Kf5 67.Ka5 Ke5 68.Ka4 Kd4  0-1

[Event "World Youth U16 Olympiad 2012"]
[Site "Istanbul TUR"]
[Date "2012.08.29"]
[Round "1.24"]
[White "Kanjaryan,V"]
[Black "Mithran,M"]
[Result "1-0"]
[WhiteElo "2091"]
[BlackElo "1675"]

1.e4 c5 2.Nf3 Nc6 3.Bb5 g6 4.O-O Bg7 5.Re1 e6 6.Bxc6 bxc6 7.Nc3 Ne7 8.e5 Nf5
9.Ne4 O-O 10.Nxc5 f6 11.d4 Qb6 12.Ne4 fxe5 13.dxe5 Qc7 14.Bg5 h6 15.Bf6 h5
16.Qd2 Bb7 17.Rad1 Rf7 18.Nfg5 Bh6 19.Qd3 Rff8 20.Qxd7 Qxd7 21.Rxd7 Bc8 22.Rh7 Bg7
23.Bxg7 Nxg7 24.Nf6+ Rxf6 25.exf6 Nf5 26.f7+ Kf8 27.Rh8+ Ke7 28.f8=Q+  1-0

[Event "40th Olympiad Open"]
[Site "Istanbul TUR"]
[Date "2012.08.29"]
[Round "2.35"]
[White "Smeets,J"]
[Black "Ynojosa,F"]
[Result "0-1"]
[WhiteElo "2608"]
[BlackElo "2374"]

1.e4 c5 2.Nf3 Nc6 3.Bb5 e6 4.O-O Nge7 5.Re1 a6 6.Bf1 Ng6 7.c3 Be7 8.d4 cxd4
9.cxd4 d5 10.Nc3 O-O 11.g3 b5 12.h4 b4 13.Na4 dxe4 14.Rxe4 Bb7 15.Re1 Qa5
16.b3 Rad8 17.Bb2 Bf6 18.Bc4 Nce5 19.Nxe5 Nxe5 20.Rxe5 Bxe5 21.Qh5 Bc7 22.Nc5 Bd5
23.Bxa6 Bd6 24.Bd3 f5 25.Qg5 h6 26.Qe3 f4 27.gxf4 Rxf4 28.Bc4 Qa8 29.Bxd5 Rg4+
30.Kf1 Qxd5 31.Qxe6+ Qxe6 32.Nxe6 Rc8 33.d5 Rc2 34.Bd4 Rxh4 35.Kg2 Rd2 36.Be3 Rxd5
37.Rc1 Re4 38.Rc8+ Kh7 39.Nc7 Rf5 40.Ne8 Rg4+ 41.Kf1 Bf4 42.Bc5 h5 43.Bxb4 h4  0-1

[Event "40th Olympiad Open"]
[Site "Istanbul TUR"]
[Date "2012.08.29"]
[Round "2.41"]
[White "Dekar,L"]
[Black "Davy,D"]
[Result "0-1"]
[WhiteElo "2155"]
[BlackElo "2101"]

1.e4 c5 2.Nf3 Nc6 3.Bb5 g6 4.O-O Bg7 5.c3 Nf6 6.Re1 O-O 7.Na3 d6 8.Nc2 Bd7
9.Bf1 Bg4 10.h3 Bxf3 11.Qxf3 e5 12.g4 d5 13.d3 d4 14.Qg3 Nd7 15.Bg2 Bf6 16.Bh6 Re8
17.g5 Bh8 18.cxd4 cxd4 19.Na3 Qe7 20.Bf3 Nc5 21.Bg4 Na4 22.b3 Qxa3 23.bxa4 Qxa4
24.Bd1 Qa5 25.Bb3 Nd8 26.Bd5 Ne6 27.Bxb7 Rab8 28.Bd5 Nf4 29.Bc4 Rb2 30.Qf3 Reb8
31.Red1 Bg7 32.Bxg7 Kxg7 33.Qg4 Qd8 34.Kf1 f6 35.h4 fxg5 36.hxg5 Qf8 37.Qd7+ Kh8
38.Qc7 Rxf2+ 39.Kxf2 Ne6+ 40.Kg1 Nxc7 41.Rf1 Qd8 42.Rf6 Qc8 43.Raf1 Qg4+
44.Kh1 Qh4+ 45.Kg1 Qxg5+ 46.Kh1 Qh4+ 47.Kg1 Qg3+ 48.Kh1 Rb2  0-1

[Event "19th Graz Open 2012"]
[Site "Graz AUT"]
[Date "2012.08.30"]
[Round "6.4"]
[White "Zorko,Ju"]
[Black "Lanka,Z"]
[Result "1/2-1/2"]
[WhiteElo "2476"]
[BlackElo "2418"]

1.e4 c5 2.Nf3 Nc6 3.Bb5 g6 4.Bxc6 dxc6 5.d3 Bg7 6.h3 Nf6 7.Nc3 O-O 8.Be3 b6
9.Qd2 e5 10.Bh6 Qd6 11.Nh2 Ne8 12.Ng4 f6 13.O-O-O a5 14.Kb1 a4 15.Ne2 Ra7
16.Bxg7 Nxg7 17.Nh6+ Kh8 18.f4 a3 19.b3 exf4 20.Nxf4 f5 21.Ne2 Qf6 22.Qc3 Qh4
23.Qd2 f4 24.Ng4 Bxg4 25.hxg4 Qxg4 26.Ng1 Qd7 27.Nf3 Ne6 28.e5 b5 29.c3 Rd8
30.Qe2 Kg8 31.Nh2 h5 32.Nf3 Kg7 33.Qf2 c4 34.dxc4 Qxd1+ 35.Rxd1 Rxd1+ 36.Kc2 Rad7
37.Nd4 R1xd4 38.cxd4 bxc4 39.bxc4 Nxd4+ 40.Kc3 c5 41.Qh4 Rf7 42.Kd3 f3 43.gxf3 Rxf3+
44.Kd2 Rf7 45.Qd8 Nf3+ 46.Kc2 Nxe5 47.Qd5 Rf2+ 48.Kb3 Rf3+ 49.Ka4 Kf6 50.Qd6+ Kf5
51.Qf8+ Kg4 52.Qc8+ Rf5 53.Qxc5 h4 54.Qg1+ Kh5 55.c5 g5 56.Qb1 Rf6 57.Qh7+ Kg4
58.Kb5 Rf5 59.c6 Nxc6+ 60.Kxc6 h3 61.Kd6 Rf4 62.Kc5 Kg3 63.Qd3+ Rf3 64.Qd6+ Rf4
65.Qd3+ Rf3 66.Qd6+  1/2-1/2

[Event "World Youth U16 Olympiad 2012"]
[Site "Istanbul TUR"]
[Date "2012.08.30"]
[Round "2.2"]
[White "Chigaev,M"]
[Black "Stremavicius,T"]
[Result "1/2-1/2"]
[WhiteElo "2462"]
[BlackElo "2195"]

1.e4 c5 2.Nf3 Nc6 3.Bb5 g6 4.Bxc6 dxc6 5.h3 Bg7 6.d3 Nh6 7.O-O b6 8.a4 a5
9.Be3 f6 10.Nbd2 e5 11.Nc4 Be6 12.Nfd2 Nf7 13.b4 axb4 14.a5 bxa5 15.Bxc5 Bf8
16.Bb6 Qb8 17.Bxa5 Be7 18.c3 bxc3 19.Bxc3 O-O 20.Qc2 Nd6 21.Rxa8 Qxa8 22.Bb4 Qd8
23.Na5 Bd7 24.Nxc6 Bxc6 25.Qxc6 Nf7 26.Bxe7 Qxe7 27.Nc4 Rd8 28.Rb1 Rxd3 29.Rb8+ Nd8
30.Ne3 Kg7 31.Qa8 Qc7 32.Rc8 Qb6 33.Kh2 h5 34.h4 Rd7 35.Rb8 Qd4 36.Rb3 Qd2
37.Qc8 Nf7 38.Nf5+ Kh7 39.Rg3 Nd8 40.Ne3 Qd6 41.Nd5 Kg7 42.Rf3 f5 43.Rg3 fxe4
44.Ne3 Qc6 45.Qb8 Qf6 46.Qc8 Rf7 47.Nd5 Qxh4+ 48.Rh3 Qg5 49.Rg3 Qh4+  1/2-1/2

[Event "World Youth U16 Olympiad 2012"]
[Site "Istanbul TUR"]
[Date "2012.08.30"]
[Round "3.16"]
[White "Kanjaryan,V"]
[Black "Tilessov,Danat"]
[Result "1-0"]
[WhiteElo "2091"]
[BlackElo "1871"]

1.e4 c5 2.Nf3 Nc6 3.Bb5 g6 4.O-O Bg7 5.Re1 e5 6.d3 Nge7 7.h3 O-O 8.Be3 Nd4
9.Bc4 d5 10.exd5 Nxd5 11.Bg5 Nxf3+ 12.Qxf3 Qxg5 13.Qxd5 Bxh3 14.Nc3 b6 15.Qf3 Bf5
16.Qb7 Qd8 17.Bd5 Qf6 18.a4 a5 19.Qxa8 Rxa8 20.Bxa8 Bd7 21.Re3 Bc6 22.Nd5 Bxd5
23.Bxd5 Qd6 24.Bc4 Kf8 25.Rae1 f6 26.c3 Bh6 27.Re4 Bg5 28.g3 Qd7 29.Bb5 Qh3
30.d4 cxd4 31.cxd4 Bd2 32.Rd1 Qf5 33.Bd3 Bb4 34.Rxe5 Qg4 35.Be2 Qd7 36.Bb5 Qf7
37.Re8+ Qxe8 38.Bxe8 Kxe8 39.Kf1 f5 40.Ke2 Kd7 41.Kd3 Be7 42.Kc4 Kd6 43.Re1 Bf6
44.b3 g5 45.Rh1 f4 46.g4 Ke6 47.Rxh7 Be7 48.Rh6+ Bf6 49.d5+  1-0

[Event "40th Olympiad Open"]
[Site "Istanbul TUR"]
[Date "2012.08.30"]
[Round "3.3"]
[White "Safarli,E"]
[Black "Nilssen,J"]
[Result "1/2-1/2"]
[WhiteElo "2620"]
[BlackElo "2372"]

1.e4 c5 2.Nf3 Nc6 3.Bb5 g6 4.Bxc6 dxc6 5.d3 b6 6.h3 Bg7 7.O-O e5 8.a3 a5
9.Be3 Ne7 10.Nbd2 Ba6 11.Qb1 h6 12.Qa2 Bc8 13.Qc4 O-O 14.b4 Be6 15.Qc3 Nd5
16.exd5 cxd5 17.d4 cxd4 18.Nxd4 exd4 19.Bxd4 Rc8 20.Qe3 Bxd4 21.Qxd4 Rxc2
22.Rfc1 Qc7 23.Rxc2 Qxc2 24.Nf3 Qe4 25.Qd2 g5 26.Nd4 Rc8 27.Rd1 Rc4 28.bxa5 bxa5
29.Nxe6 Qxe6 30.Qxa5 d4 31.Qd2 Qd6 32.Qd3 Ra4 33.Ra1 Qc5 34.Kf1 Kg7 35.Rd1 Rxa3
36.Qxd4+ Qxd4 37.Rxd4  1/2-1/2

[Event "5th Sabadell Open A"]
[Site "Sabadell ESP"]
[Date "2012.08.30"]
[Round "1"]
[White "Aroshidze,L"]
[Black "Sayrol Clols,J"]
[Result "1-0"]
[WhiteElo "2568"]
[BlackElo "2149"]

1.e4 c5 2.Nf3 Nc6 3.Bb5 e6 4.O-O Nge7 5.Nc3 a6 6.Bxc6 Nxc6 7.d4 cxd4 8.Nxd4 d6
9.Re1 Be7 10.Nxc6 bxc6 11.Qg4 Bf6 12.e5 h5 13.Qg3 h4 14.Qg4 dxe5 15.Ne4 h3
16.Rd1 Qe7 17.Nxf6+ gxf6 18.Qg7 Rf8 19.Bh6 hxg2 20.Rd2 a5 21.Rad1 Ba6 22.Rd7 Qc5
23.Qxf6  1-0

[Event "40th Olympiad Open"]
[Site "Istanbul TUR"]
[Date "2012.08.31"]
[Round "4.60"]
[White "Ahmed,As"]
[Black "Alfaro,W"]
[Result "1/2-1/2"]
[WhiteElo "1784"]
[BlackElo "2129"]

1.e4 c5 2.Nf3 Nc6 3.Bb5 g6 4.d4 cxd4 5.Nxd4 Bg7 6.Be3 Nf6 7.Nc3 O-O 8.O-O Ng4
9.Qxg4 Nxd4 10.Bd3 d6 11.Qd1 Ne6 12.Qd2 Bd7 13.f4 Nc5 14.Qf2 Rc8 15.f5 Nxd3
16.cxd3 b6 17.Qh4 Bc6 18.Rf3 Bf6 19.Bg5 h5 20.g4 hxg4 21.Qxg4 Kg7 22.Rg3 Bxg5
23.Qxg5 e6 24.Qf4 Qf6 25.Qxd6 exf5 26.Qxf6+ Kxf6 27.Rf1 Bd7 28.d4 Ke7 29.Re3 fxe4
30.Rxe4+ Kd6 31.Rf6+ Kc7 32.Re7 Kd8 33.Rexf7 Rxf7 34.Rxf7 Rc4 35.d5 Rd4 36.a3 a5
37.Rf6 b5 38.d6 Bc6 39.Rxg6 Rd2 40.b4 Rc2 41.Rg3 axb4 42.axb4 Rc1+ 43.Kf2 Rc2+
44.Ne2 Rb2 45.Rg4 Bd5 46.h4 Bc4 47.Re4 Bd3 48.Re3 Bxe2 49.Rxe2 Rxb4 50.Kg3 Rd4
51.h5 Rxd6 52.Rh2 Ke7 53.h6 Rd8 54.Kg4 Kf6 55.Rh5 b4 56.Rb5 Kg6 57.Rb6+ Kh7
58.Rxb4 Kxh6  1/2-1/2

[Event "40th Olympiad Open"]
[Site "Istanbul TUR"]
[Date "2012.08.31"]
[Round "4.65"]
[White "Kirby,Pe"]
[Black "Phillips,R"]
[Result "0-1"]
[WhiteElo "2007"]
[BlackElo "2257"]

1.e4 c5 2.Nf3 Nc6 3.Bb5 g6 4.Bxc6 dxc6 5.d3 Bg7 6.h3 Nf6 7.Nc3 Nd7 8.Be3 e5
9.Qd2 Qe7 10.Bh6 O-O 11.Bxg7 Kxg7 12.O-O Nb6 13.a4 a5 14.Qe3 f6 15.Nh2 Be6
16.f4 Nd7 17.f5 Bf7 18.b3 Qd6 19.Ne2 b5 20.Nf3 c4 21.bxc4 bxc4 22.d4 Rfe8
23.Rfd1 exd4 24.Nfxd4 Qc7 25.Qg3 Qxg3 26.Nxg3 Ne5 27.Rab1 Rab8 28.Kf2 Rb4
29.Nf3 Reb8 30.Rbc1 Nxf3 31.gxf3 Rxa4 32.Rd6 Ra2 33.f4 Rbb2 34.e5 Rxc2+ 35.Rxc2 Rxc2+
36.Ke3 Rc3+ 37.Kf2 Bd5 38.Ne2 Rf3+ 39.Ke1 gxf5 40.Rxf6 c3 41.Rd6 Rxh3 42.Nd4 Rh1+
43.Ke2 c2 44.Nxf5+ Kf7 45.Rf6+ Ke8  0-1

[Event "40th Olympiad Open"]
[Site "Istanbul TUR"]
[Date "2012.08.31"]
[Round "4.77"]
[White "Ross,C"]
[Black "Iwasaki,Y"]
[Result "1-0"]
[WhiteElo "2231"]
[BlackElo "2137"]

1.e4 c5 2.Nf3 Nc6 3.Bb5 g6 4.Bxc6 bxc6 5.d3 Bg7 6.Nc3 e5 7.Be3 d6 8.h3 Ne7
9.O-O O-O 10.Qd2 f5 11.exf5 Nxf5 12.Bg5 Qc7 13.Nh4 Nxh4 14.Bxh4 Rb8 15.Rab1 d5
16.b3 Qa5 17.Rbd1 Rb7 18.Na4 Qb4 19.Bg5 Bf5 20.Rfe1 Qxd2 21.Rxd2 Rb5 22.Be7 Rf7
23.Bxc5 h5 24.Bd6 e4 25.dxe4 dxe4 26.c4 Rbb7 27.Bc5 Be5 28.Rd8+ Kg7 29.Bd4 Bxd4
30.Rxd4 Rbd7 31.Red1 Kf6 32.Nc5 Rxd4 33.Rxd4 Ke5 34.Rd8 Re7 35.Kf1 Kf4 36.Ke2 h4
37.Rd4 Re5 38.Nd3+  1-0

[Event "11th Istanbul Open A"]
[Site "Istanbul TUR"]
[Date "2012.09.01"]
[Round "3"]
[White "Modeer,C"]
[Black "Caglar,Ahmet Ata"]
[Result "1/2-1/2"]
[WhiteElo "2048"]
[BlackElo "1716"]

1.e4 c5 2.Nf3 Nc6 3.Bb5 g6 4.O-O Bg7 5.Re1 Nf6 6.c3 O-O 7.d4 cxd4 8.cxd4 d5
9.e5 Ne4 10.Nc3 Nxc3 11.bxc3 Qa5 12.Bxc6 bxc6 13.Bg5 Qxc3 14.Rc1 Qa5 15.Rxc6 Bg4
16.Qd2 Qa4 17.Rec1 Bxf3 18.gxf3 e6 19.Bf6 Rab8 20.Qf4 Qxa2 21.R6c2 Qb3 22.Be7 Rfe8
23.Bd6 Rb7 24.Rc7 Rxc7 25.Rxc7 Qb1+ 26.Kg2 Qf5 27.Qxf5 gxf5 28.Rxa7 Bf8 29.Bxf8 Kxf8
30.Kg3 Kg7 31.Kf4 Kg6 32.h4 h5 33.Ra1 f6 34.Rg1+ Kf7 35.Rc1 Rb8 36.Rc7+ Kg6
37.Rc6 Kf7 38.Rc7+ Kg6 39.Re7 Rb4 40.Rxe6 Rxd4+ 41.Ke3 Rxh4 42.Rxf6+ Kg5
43.Rd6 Ra4 44.Rxd5 f4+ 45.Ke2 Kf5 46.Kf1 Ra3 47.Kg2 h4 48.e6+ Kxe6 49.Rh5 Kf6
50.Rxh4 Kg5 51.Rg4+ Kf5 52.Rg8 Ke5 53.Rg5+ Kf6 54.Rb5 Ke6 55.Rc5 Kf6 56.Rc4 Kf5
57.Rc2 Rb3 58.Ra2 Ke5 59.Kh3 Rxf3+ 60.Kg4 Rb3 61.Ra5+ Ke4 62.f3+ Ke3 63.Re5+ Kf2
64.Ra5 Rb4 65.Re5 Rb3 66.Rc5 Rb4 67.Rf5 Ke3 68.Re5+ Kf2 69.Ra5 Ke3 70.Ra3+ Kf2
71.Ra1 Ke3 72.Ra2 Rc4 73.Rb2 Ra4 74.Rb3+ Kf2 75.Rc3 Rb4 76.Rc5 Ke3 77.Rf5 Ra4
78.Rf6 Rb4 79.Re6+ Kf2 80.Re5  1/2-1/2

[Event "World Youth U16 Olympiad 2012"]
[Site "Istanbul TUR"]
[Date "2012.09.01"]
[Round "6.20"]
[White "Dedebas,Emre Emin"]
[Black "Tilessov,Danat"]
[Result "1/2-1/2"]
[WhiteElo "1841"]
[BlackElo "1871"]

1.e4 c5 2.Nf3 Nc6 3.Bb5 g6 4.Bxc6 dxc6 5.d3 Bg7 6.Nc3 Bg4 7.h3 Bxf3 8.Qxf3 e5
9.O-O Nf6 10.Be3 Nd7 11.Qg3 Qe7 12.f4 exf4 13.Bxf4 Ne5 14.Rae1 O-O 15.Bg5 f6
16.Bf4 Nf7 17.Kh1 Rad8 18.Re2 Rd7 19.Rfe1 Re8 20.Nd1 Qe6 21.Nf2 Qxa2 22.Bc1 Ne5
23.b3 Rde7 24.Be3 b6 25.Bf4 Nf7 26.Qf3 Qa6 27.Ng4 Re6 28.Ne3 Qb7 29.Rf1 Rf8
30.Ref2 Qd7 31.Ng4 h5 32.Ne3 Nd8 33.Bh2 Ree8 34.Qg3 Kh7 35.Qh4 Kg8 36.Qg3 Qf7
37.Nc4 Nb7 38.Nd6 Nxd6 39.Qxd6 Qe6 40.Qg3 Kh7 41.Qh4 Kg8 42.Qg3 Qf7 43.Qf3 Re6
44.g4 hxg4 45.hxg4 Qd7 46.Qg3 b5 47.Qh4 c4 48.Rf3 cxb3 49.cxb3 c5 50.Rh3 Kf7
51.g5 Rh8 52.Qg4 Rxh3 53.Qxh3 Qc6 54.gxf6 Rxf6 55.Rxf6+ Bxf6 56.Qh7+ Kf8
57.Qxg6 Qe6 58.Qh6+ Ke7 59.Qh7+ Ke8 60.Qh5+ Qf7 61.Qxc5 Qxb3 62.Qc6+ Kf7
63.Qd7+ Be7 64.Qf5+ Ke8 65.Qc8+ Kf7 66.Qf5+ Ke8 67.Qh5+ Kd7 68.Qf5+ Ke8 69.Qh5+ Kd7  1/2-1/2

[Event "5th Sabadell Open A"]
[Site "Sabadell ESP"]
[Date "2012.09.01"]
[Round "3"]
[White "Aroshidze,L"]
[Black "Gallego Alcaraz,A"]
[Result "1-0"]
[WhiteElo "2568"]
[BlackElo "2377"]

1.e4 c5 2.Nf3 Nc6 3.Bb5 d6 4.O-O Bd7 5.Re1 Nf6 6.h3 e5 7.c3 Be7 8.d4 Qc7
9.d5 Nd8 10.Bxd7+ Nxd7 11.c4 O-O 12.Nc3 a6 13.Qd3 Bf6 14.Nh2 g6 15.Ng4 Bg7
16.Nh6+ Kh8 17.h4 Bxh6 18.Bxh6 Rg8 19.Be3 f6 20.a3 Rc8 21.Rec1 Nf7 22.Na4 b5
23.cxb5 Qa5 24.Nc3 c4 25.Qe2 axb5 26.a4 b4 27.Nb5 Nc5 28.Qxc4 f5 29.exf5 gxf5
30.Bxc5 Rxc5 31.Qd3 Rgc8 32.Rxc5 Rxc5 33.Qxf5 Kg8 34.Qe6 Qd8 35.Qg4+ Kf8
36.Qxb4 Rxd5 37.Rc1 Qb6 38.Rc8+ Ke7 39.Rc7+ Kf8 40.Qb3  1-0

[Event "11th Kesarovski-Stanchev Mem"]
[Site "Sunny Beach BUL"]
[Date "2012.09.01"]
[Round "1.9"]
[White "Georgiev,Kr"]
[Black "Dimitrov,De"]
[Result "1-0"]
[WhiteElo "2423"]
[BlackElo "2079"]

1.e4 c5 2.Nf3 Nc6 3.Bb5 e6 4.O-O Nge7 5.b3 a6 6.Bxc6 Nxc6 7.Bb2 f6 8.Nh4 Qe7
9.f4 Qf7 10.c4 b6 11.Nc3 Be7 12.Qg4 Bb7 13.Rae1 O-O-O 14.Na4 Kc7 15.Qg3 Ba8
16.Nf3 Nb4 17.d4 Qg6 18.Qh3 Nd3 19.Nh4 Qh6 20.Qxd3 Qxh4 21.d5 exd5 22.exd5 Bd6
23.b4 Rhe8 24.g3 Qh5 25.bxc5 Bxc5+ 26.Nxc5 bxc5 27.Qa3 d6 28.Bc3 Rxe1 29.Bxe1 Kd7
30.Qxa6 Qe2 31.Bf2 Qd3 32.Qa7+  1-0

[Event "11th Kesarovski-Stanchev Mem"]
[Site "Sunny Beach BUL"]
[Date "2012.09.02"]
[Round "2.47"]
[White "Ljangov,P"]
[Black "Jina,L"]
[Result "1/2-1/2"]
[WhiteElo "2088"]
[BlackElo "1794"]

1.e4 c5 2.Nf3 Nc6 3.Bb5 e6 4.Bxc6 dxc6 5.d3 Nf6 6.Nbd2 Be7 7.O-O O-O 8.b3 Qc7
9.Bb2 Nd7 10.Nc4 Bf6 11.Bxf6 Nxf6 12.Qd2 h6 13.Qc3 b6 14.Qe5 Qxe5 15.Nfxe5 Bb7
16.Nd6 Rab8 17.Nxb7 Rxb7 18.Nxc6 Nd7 19.d4 cxd4 20.Nxd4 Nc5 21.Rfe1 Rd8 22.Nf3 f6
23.e5 f5 24.h4 Rbd7 25.Kf1 Kf7 26.Re3 Ne4 27.Ke2 Rc8 28.c4 Ke7 29.h5 Rcd8
30.Rc1 Ng5 31.Rc2 f4 32.Nxg5 fxe3 33.Nf3 exf2 34.Kxf2 Rc7 35.Re2 Kf7 36.Re4 Rd3
37.Rf4+ Kg8 38.Ke2 Rcd7 39.Re4 Rd1 40.Kf2 Rh1 41.g4 Rhd1 42.Kg2 Kf7 43.Re2 Ke7
44.Rc2 Rc7 45.Kf2 Rd8 46.Ke3 Rcd7 47.Ke2 Rc8 48.Ke3 Rcd8 49.Ke2 Rc8  1/2-1/2

[Event "11th Kesarovski-Stanchev Mem"]
[Site "Sunny Beach BUL"]
[Date "2012.09.02"]
[Round "2.20"]
[White "Maier,C"]
[Black "Zavialov,Volodymyr"]
[Result "1-0"]
[WhiteElo "2345"]
[BlackElo "2158"]

1.e4 c5 2.Nf3 Nc6 3.Bb5 d6 4.O-O Bd7 5.c3 Nf6 6.Re1 a6 7.Bxc6 Bxc6 8.d4 Bxe4
9.Bg5 Bf5 10.Nbd2 h6 11.Bxf6 gxf6 12.Nh4 Qd7 13.Nc4 Rd8 14.Ne3 Be4 15.f3 cxd4
16.cxd4 Bh7 17.Nd5 Bg7 18.Rxe7+ Qxe7 19.Nxe7 Kxe7 20.Qe2+ Kd7 21.Qc4 Rhe8
22.Qxf7+ Re7 23.Qd5 Ke8 24.Nf5 Bxf5 25.Qxf5 d5 26.Rc1 Kf7 27.h4 Re2 28.Rc7+ Re7
29.Qh5+ Kf8 30.Rc5 f5 31.Qxf5+ Rf7 32.Qd3 Rf4 33.Rc7 Bxd4+ 34.Kf1 Be5 35.Qh7 Re8
36.Qxh6+ Kg8 37.Qg5+ Kf8 38.Qh6+ Kg8 39.Qg6+ Kf8 40.Rxb7 d4 41.Rd7  1-0